| 000 | 00673nam a2200217 a 4500 | ||
|---|---|---|---|
| 001 | BRCA_6903 | ||
| 005 | 20190320205632.0 | ||
| 008 | 151111s1920----enk#######---#000-0#eng-# | ||
| 041 | _aeng | ||
| 044 | _aenk | ||
| 050 | 4 |
_aPR2976 _b.S4 |
|
| 100 | 1 |
_aShakespeare, William _d1564-1616 _910760 |
|
| 245 | 1 | 0 |
_aShakespeare´s histories and poems _cWilliam Shakespeare. |
| 260 |
_aLondres _bSimpkin, Marshall, Hamilton, Kent & Co. _c[1920] |
||
| 300 |
_a976 p. _c17 cm. |
||
| 500 | _aEstado físico: primeras páginas desprendidas y las páginas 45-48 están pegadas entre sí. | ||
| 500 | _aL168 | ||
| 650 | 1 | 4 |
_aLiteratura inglesa _917191 |
| 902 | _aGFM | ||
| 942 |
_2lcc _cB |
||
| 999 |
_c6585 _d6585 |
||